000 00282nam a22001217a 4500
082 _a510
_bDAY/S
100 _aNANDLAL DAYA RAM
245 _aMATHEMATICS PART - I
_bCLASS XII
260 _aDELHI
_bNAND LAL DAYA RAM
300 _a504
650 _aMATHS FOR CLASS XII
_zINDIA
942 _cBK
999 _c655
_d655